La gerencia de empresas

Gorde:
Xehetasun bibliografikoak
Egile nagusia: Drucker, Peter Ferdinand (Egilea)
Formatua: Liburua
Hizkuntza:gaztelania
Argitaratua: Buenos Aires Universitaria 1999
Gaiak:
Etiketak: Etiketa erantsi
Etiketarik gabe, Izan zaitez lehena erregistro honi etiketa jartzen!

MARC

LEADER 00000nam a2200000 a 4500
001 UCI7230
003 CL-VaPUC
008 080613e19990000AG |||||||||||||||||spa|d
020 |a 9500714523 
082 0 4 |a 658.4  |b DRU  |2 21 
100 0 |a Drucker, Peter Ferdinand  |e author  |9 413949 
245 1 3 |a La gerencia de empresas 
300 |a 495 p 
942 |c BK 
945 |d 20080613 00:00:00  |a jtorresc 
260 |a Buenos Aires  |b Universitaria  |c 1999 
650 0 |a Administración de empresas   |9 260833 
650 0 |a Planificación empresarial  |9 259791 
650 7 |a GERENCIA DE EMPRESAS  |2 CL-VaPUC  |9 375855 
650 7 |a GERENTES  |2 CL-VaPUC  |9 341797 
650 0 |a Trabajadores  |9 260887 
650 0 |a Economía   |9 255568 
650 0 |a Trabajo  |9 313876 
583 |a last modification  |c 20080613 00:00:00  |k Rodrigo Vera 
999 |c 330573  |d 330571 
952 |0 0  |1 0  |4 0  |6 658_400000000000000_DRU_1999  |7 0  |8 A  |9 416174  |a BIBEDU  |b BIBEDU  |d 2019-11-22  |i 4450299  |o 658.4 DRU 1999  |p 4450299  |r 2021-06-15  |w 2019-11-22  |y BK  |k EBA